Statistiken für Musiker, die jung verstorben sind

Klicken Sie hier um das Quiz zu spielen!

Allgemein

  • Dieses Quiz wurde 14.753 mal gespielt
  • Das Durchschnittsergebnis liegt bei 7 aus 21

Antwortstatistiken

AlterZeit und OrtWieSongMusiker% Korrekt
401998, Dominikanische
Republik
AutounfallRock me AmadeusFalco
80%
451991, LondonAIDS-KomplikationenBohemian RhapsodyFreddie Mercury
73%
282018, MaskatSuizidWake Me UpAvicii
71%
272011, LondonAlkoholvergiftungRehabAmy Winehouse
68%
401980, New YorkVon Mark David Chapman
erschossen
ImagineJohn Lennon
59%
251996, Las VegasDrive-by-ShootingCalifornia LoveTupac Shakur
51%
421977, MemphisHerztodHound DogElvis Presley
47%
351791, WienFieberRequiemWolfgang Amadeus
Mozart
47%
271994, SeattleSuizidHeart-Shaped BoxKurt Cobain
46%
361981, MiamiKrebsBuffalo SoldierBob Marley
39%
241997, Los AngelesDrive-by-ShootingJuicyThe Notorious B.I.G.
35%
271970, LondonErstickung nach Einnahme von
Schlaftabletten
Purple HazeJimi Hendrix
22%
441984, Los AngelesVom eigenen Vater
erschossen
Sexual HealingMarvin Gaye
19%
271971, ParisMöglicherweise Heroin-ÜberdosisThe EndJim Morrison
15%
271970, Los AngelesHeroin-ÜberdosisPiece of My HeartJanis Joplin
14%
221959, IowaFlugzeugabsturzPeggy SueBuddy Holly
10%
331980, LondonAlkoholvergiftungLet There be RockBon Scott
7%
211979, LondonHeroin-Überdosis,
möglicherweise ermordet
Anarchy in the U.K.Sid Vicious
7%
171959, IowaFlugzeugabsturzLa BambaRitchie Valens
5%
261967, WisconsinFlugzeugabsturzRespectOtis Redding
3%
281959, IowaFlugzeugabsturzChantilly LaceThe Big Bopper
3%

Verteilung der Resultate

Perzentil nach korrekt beantworteten Fragen

Anzahl Personen mit jedem Resultat

Ihre Resultats-Entwicklung

Sie haben dieses Quiz noch nicht gespielt